Portugalsko. Atlas ekonoma.

Politická a hospodárska situácia. Vplyv členstva v Európskych spoločenstvách na vývoj ekonomiky. Mena a bankovníctvo. Portugalský zahraničný obchod. Obchodné styky bývalej ČSFR s Portugalskom.

Guardado en:
Detalles Bibliográficos
Autor principal: Hálek, J.
Formato: Capítulo de libro
Lenguaje:checo
Materias:
Etiquetas: Agregar Etiqueta
Sin Etiquetas, Sea el primero en etiquetar este registro!

MARC

LEADER 00000naa a2200000 4500
001 r012306
005 20220826094706.8
041 0 |a cze 
044 |a CZ 
245 1 0 |a Portugalsko.  |b Atlas ekonoma.  |c J. Hálek 
520 |a Politická a hospodárska situácia. Vplyv členstva v Európskych spoločenstvách na vývoj ekonomiky. Mena a bankovníctvo. Portugalský zahraničný obchod. Obchodné styky bývalej ČSFR s Portugalskom. 
610 2 0 |a Portugalsko 
610 2 0 |a mena 
610 2 0 |a bankovníctvo 
610 2 0 |a obchod zahraničný 
610 2 0 |a ČSFR 
610 2 0 |a Európske spoločenstvá 
610 2 0 |a situácia hospodárska 
100 1 |a Hálek, J.